American trucker

Detalles Bibliográficos
Formato: Electrónico Seriadas
Publicado: [S.l.] : Penton Media, Inc.
Materias:
Acceso en línea:Full text available from Research Library: 01/01/2010 to 12/31/2017
Full text available from Research Library: 01/01/2019 to present

MARC

LEADER 00000nas a22000003u 4500
001 ssj0000565990
003 WaSeSS
005 20200512172242.0
006 m d
007 cr n
008 200512uuuuuuuuu||||| |ss|||||| ||||||d
035 |a (WaSeSS)ssj0000565990 
040 |a WaSeSS  |c WaSeSS  |d WaSeSS 
245 0 0 |a American trucker  |h [electronic resource]. 
260 |a [S.l.] :  |b Penton Media, Inc. 
500 |a Title from content provider. 
506 |a License restrictions may limit access. 
655 0 |a Electronic journals. 
856 4 0 |z Full text available from Research Library: 01/01/2010 to 12/31/2017  |u https://search.proquest.com/publication/226450 
856 4 0 |z Full text available from Research Library: 01/01/2019 to present  |u https://search.proquest.com/publication/226450